| 000 | 00544cam a22002171 4500 | ||
|---|---|---|---|
| 001 | sa 66001904 | ||
| 003 | DLC | ||
| 005 | 20260227112225.0 | ||
| 008 | 940329s1963 io a 000 0 jav | ||
| 010 | _asa 66001904 | ||
| 035 | _a(OCoLC)30051501 | ||
| 040 |
_aDLC _cCU _dDLC |
||
| 042 | _apremarc | ||
| 050 | 0 | 0 |
_aPL5179.S7 _bN3 |
| 100 | 0 | _aSri Hadidjojo. | |
| 245 | 1 | 0 |
_aNapak tilas. _cGambar Jono S. Wijono. |
| 250 | _aTjap-tjapan 1. | ||
| 260 |
_aSala, _bNasional _c[1963] |
||
| 300 |
_a56 p. _billus. _c20 cm. |
||
| 500 | _aIn Javanese. | ||
| 999 |
_c68058 _d68058 |
||